000 00482nam a2200157Ia 4500
008 210716s2008 xx 000 0 und d
020 _a0471265829
041 _aeng
082 _a658.4038 HUBM
100 _aHuber, Mark W; Piercy, Craig A; McKeown, Patrick G.
245 _aInformation systems: creating business value.
_bCreating business value.
250 _a1
260 _aUSA
_bJohn Wiley and Sons
_c2008
300 _axxxiii,411
650 _aManagement Information Systems
999 _c203228
_d203228